| 000 | 00876nas a2200289 4500 | ||
|---|---|---|---|
| 001 | BR0304617 | ||
| 003 | BR-BrBNA | ||
| 005 | 20231205104100.0 | ||
| 007 | ta | ||
| 008 | 230509b bl.|||p| |||| 00| 00por d | ||
| 040 |
_aBR-BrBNA _bpor _cBiblioteca Nacional de Agricultura |
||
| 041 | _a(Pt) | ||
| 072 | _aL53 | ||
| 100 | 1 | _aBasile, J.R. | |
| 100 | 1 | _aChebel, R.J. | |
| 100 | 1 | _aBasile, L.F. | |
| 245 | 1 | _aEfeito da época do ano na transferência de embriões em vacas Holandesas superovuladas com FSH | |
| 650 | _aGADO HOLANDÊS | ||
| 650 | _aTRANSFERÊNCIA DE EMBRIÃO | ||
| 650 | _aSUPEROVULAÇÃO | ||
| 650 | _aHORMÔNIO | ||
| 650 | _aCONDIÇÃO AMBIENTAL | ||
| 650 | _aSÃO PAULO | ||
| 773 | 0 |
_tArs Veterinária (Brazil) _xISSN 0102-6380 _g(Dec 2000), v. 16 (3) p. 188-191 _wBR0304617 |
|
| 909 |
_a202311 _bLúcia _c55 _dLúcia Elande |
||
| 942 |
_2AGRIS _n0 _cANA |
||
| 999 |
_c176254 _d176254 |
||